000 00688cab a2200229 4500
001 ABS54216
008 090401t1995 xxu||||| |||| 00| 0 eng d
035 _a(Sirsi) u9068
041 _aeng
100 _aBingham, T.
245 _aNo win, no pay - no go
260 _c1995
350 _a0
490 _aBuilding
_v260(50) 15 December 1995, 28-29(2)
520 _aConsiders the outcomes if lawyers are given the go-ahead to agree conditional fees. Refers to Maintenance and Champerty.
650 _aCONDITIONAL FEES
650 _aCONTINGENCY FEES
650 _aLEGAL FEES
690 _aMANAGEMENT-BUSINESS MANAGEMENT-PROFESSIONAL PRACTICE
942 _n0
948 _c04/03/1997
999 _c5619
_d5619